| 000 | 00490nam a2200193Ia 4500 | ||
|---|---|---|---|
| 003 | LDD | ||
| 008 | 181029s9999 xx 000 0 und d | ||
| 020 |
_a9781412911634 _cP 600.00 |
||
| 040 | _cLDD | ||
| 100 | _aBryman, Alan | ||
| 245 | 0 |
_aMixed methods _cAlan Bryman |
|
| 260 |
_aLondon _bSage _c2006 |
||
| 300 | _a4v. | ||
| 365 | _bP 600.00 | ||
| 901 |
_a8566 _b15-02-2012 |
||
| 902 |
_a978 _b21-02-2012 _cF _dBBS _e0 |
||
| 903 |
_a4Discount-500 _bReqst by : G. Thomas |
||
| 942 |
_2ddc _cBK |
||
| 999 |
_c102021 _d102021 |
||